[Event "Tokyo Japan op"]
[Site "Tokyo"]
[Date "2021.11.22"]
[Round "6"]
[White "Matsuo, Tomohiko"]
[Black "Shiomi, Ryo"]
[Result "1/2-1/2"]
[WhiteElo "2163"]
[BlackElo "2039"]
[PlyCount "139"]
[EventDate "2021.11.20"]
[EventType "swiss"]
[EventRounds "7"]
[EventCountry "JPN"]
[SourceTitle "CBM 205 Extra"]
[Source "ChessBase"]
[SourceDate "2022.01.31"]
[SourceVersion "1"]
[SourceVersionDate "2022.01.31"]
[SourceQuality "1"]

1. e4 d5 2. exd5 Qxd5 3. Nc3 Qd6 4. d4 Nf6 5. Nge2 Bf5 6. Bf4 Qd7 7. Ng3 Bg6 8. h4 h6 9. h5 Bh7 10. Bd3 Bxd3 11. Qxd3 Nc6 12. 0-0-0 e6 13. Nge4 0-0-0 14. Nxf6 gxf6 15. Qc4 Bd6 16. Bxd6 Qxd6 17. d5 Qb4 18. Rh4 Qxc4 19. Rxc4 Ne5 20. Rf4 Nd7 21. Re1 Rhg8 22. g3 e5 23. Rf3 Rg5 24. Ne4 Rxh5 25. Nxf6 Nxf6 26. Rxf6 Rxd5 27. Rxf7 Rd7 28. Rf6 Rd6 29. Rf7 Rd7 30. Rf3 Kd8 31. Ra3 a6 32. Ra5 Re7 33. Rd5+ Kc8 34. c4 c6 35. Rd2 e4 36. Kc2 Rhe5 37. Kc3 Kc7 38. b4 a5 39. a3 axb4+ 40. axb4 c5 41. bxc5 Rxc5 42. f3 b5 43. Rd4 Rg7 44. Rdxe4 Rxc4+ 45. Rxc4+ bxc4 46. Rg1 Rf7 47. f4 h5 48. Rf1 Rg7 49. Rf3 Rg4 50. Kxc4 h4 51. gxh4 Rxh4 52. Kd5 Kd7 53. Ke5 Ke7 54. Ra3 Rh1 55. Ra7+ Kf8 56. Kf6 Kg8 57. f5 Rf1 58. Ra8+ Kh7 59. Rf8 Ra1 60. Re8 Rf1 61. Rd8 Rf2 62. Rd5 Kg8 63. Rd8+ Kh7 64. Rd7+ Kg8 65. Rg7+ Kf8 66. Rg4 Rf1 67. Kg6 Rf2 68. Rb4 Rf1 69. Rb7 Rf2 70. Rb8+ 1/2-1/2

[Event "Tokyo Japan op"]
[Site "Tokyo"]
[Date "2021.11.20"]
[Round "1"]
[White "Heckel, Markus"]
[Black "Matsuo, Tomohiko"]
[Result "0-1"]
[WhiteElo "1625"]
[BlackElo "2163"]
[PlyCount "94"]
[EventDate "2021.11.20"]
[EventType "swiss"]
[EventRounds "7"]
[EventCountry "JPN"]
[SourceTitle "CBM 205 Extra"]
[Source "ChessBase"]
[SourceDate "2022.01.31"]
[SourceVersion "1"]
[SourceVersionDate "2022.01.31"]
[SourceQuality "1"]

1. d4 Nf6 2. Nf3 c5 3. d5 b5 4. c3 Bb7 5. e4 Nxe4 6. Bxb5 g6 7. 0-0 Qb6 8. Bc4 Nd6 9. Be2 Bg7 10. Na3 0-0 11. Nc4 Nxc4 12. Bxc4 e6 13. Rb1 Bxc3 14. Bh6 Bg7 15. Bxg7 Kxg7 16. Qe2 Ba6 17. Rfd1 Bxc4 18. Qxc4 Na6 19. Rd2 Nb4 20. dxe6 dxe6 21. Rbd1 Nd5 22. Ne5 Qb4 23. a3 Qxc4 24. Nxc4 Rab8 25. g3 Rb3 26. Rd3 Rfb8 27. Kf1 h5 28. h4 Kf6 29. Ke2 Ke7 30. Kd2 Rxd3+ 31. Kxd3 Nb6 32. Nxb6 Rd8+ 33. Kc2 Rxd1 34. Nc8+ Kd7 35. Kxd1 Kxc8 36. Kd2 Kd7 37. Kd3 Kd6 38. Kc4 Kc6 39. f3 e5 40. g4 f5 41. gxh5 gxh5 42. b3 a6 43. b4 cxb4 44. axb4 Kd6 45. Kc3 Kd5 46. Kd3 f4 47. Ke2 Kc4 0-1

[Event "JPN-ch 52nd"]
[Site "Tokyo"]
[Date "2019.05.02"]
[Round "7"]
[White "Fujii, Chiaki"]
[Black "Matsuo, Tomohiko"]
[Result "0-1"]
[WhiteElo "1873"]
[BlackElo "2193"]
[PlyCount "76"]
[EventDate "2019.04.29"]
[EventType "swiss"]
[EventRounds "10"]
[EventCountry "JPN"]
[SourceTitle "CBM 190 Extra"]
[Source "ChessBase"]
[SourceDate "2019.07.15"]
[SourceVersion "1"]
[SourceVersionDate "2019.07.15"]
[SourceQuality "1"]

1. d4 Nf6 2. c4 c5 3. d5 b5 4. cxb5 a6 5. bxa6 g6 6. Nc3 Bxa6 7. Nf3 Bg7 8. e4 Bxf1 9. Kxf1 d6 10. g3 0-0 11. Kg2 Qa5 12. Bd2 Na6 13. a4 Nb4 14. b3 Qb6 15. Qe2 Nd7 16. Rab1 e6 17. dxe6 fxe6 18. Qb5 Qc7 19. Qc4 d5 20. exd5 Rxf3 21. Qe4 Rxc3 22. Bxc3 Bxc3 23. dxe6 Nb6 24. Rbc1 Bd4 25. Rhe1 Qc6 26. f4 Re8 27. Qxc6 Nxc6 28. g4 Nd5 29. Kg3 Ne3 30. Re2 Rxe6 31. Rce1 Bc3 32. Rc1 Nd4 33. Ra2 Bb4 34. a5 Nxb3 35. a6 Na5 36. a7 Ra6 37. Re2 Rxa7 38. Rxe3 Bd2 0-1

[Event "JPN-ch 52nd"]
[Site "Tokyo"]
[Date "2019.05.02"]
[Round "8"]
[White "Matsuo, Tomohiko"]
[Black "Manabe, Hiroshi"]
[Result "1-0"]
[WhiteElo "2193"]
[BlackElo "2056"]
[PlyCount "73"]
[EventDate "2019.04.29"]
[EventType "swiss"]
[EventRounds "10"]
[EventCountry "JPN"]
[SourceTitle "CBM 190 Extra"]
[Source "ChessBase"]
[SourceDate "2019.07.15"]
[SourceVersion "1"]
[SourceVersionDate "2019.07.15"]
[SourceQuality "1"]

1. e4 e6 2. d4 d5 3. Nd2 dxe4 4. Nxe4 Nd7 5. Nf3 Ngf6 6. Bg5 h6 7. Bh4 Be7 8. Nxf6+ Bxf6 9. Bxf6 Qxf6 10. Bd3 0-0 11. 0-0 c5 12. c3 cxd4 13. Nxd4 Nc5 14. Bc2 e5 15. Nb3 Nxb3 16. axb3 Rd8 17. Qe2 Bf5 18. Be4 Rd7 19. Ra5 Bxe4 20. Qxe4 Rd2 21. Qxb7 Rad8 22. Qxa7 Rxb2 23. b4 Rdd2 24. h3 Re2 25. Ra6 Qf4 26. Raa1 e4 27. Rae1 f5 28. Rxe2 Rxe2 29. Qd4 Rc2 30. b5 Qc7 31. b6 Qb7 32. Ra1 Qb8 33. g3 Kh7 34. Ra7 Qf8 35. b7 e3 36. b8Q exf2+ 37. Kf1 1-0

[Event "Olympiad-43"]
[Site "Batumi"]
[Date "2018.10.03"]
[Round "9.3"]
[White "Matsuo, Tomohiko"]
[Black "Martinez Alcantara, Jose Eduardo"]
[Result "1-0"]
[WhiteElo "2170"]
[BlackElo "2565"]
[PlyCount "103"]
[EventDate "2018.09.24"]
[EventType "team-swiss"]
[EventRounds "11"]
[EventCountry "GEO"]
[SourceTitle "CBM 187"]
[Source "ChessBase"]
[SourceDate "2018.12.11"]
[SourceVersion "1"]
[SourceVersionDate "2018.12.11"]
[SourceQuality "1"]
[WhiteTeam "Japan"]
[BlackTeam "Peru"]
[WhiteTeamCountry "JPN"]
[BlackTeamCountry "PER"]

1. e4 e5 2. Nf3 Nc6 3. Bb5 a6 4. Ba4 Nf6 5. 0-0 Be7 6. Re1 b5 7. Bb3 d6 8. c3 0-0 9. h3 Bb7 10. d4 Nd7 11. Nbd2 exd4 12. cxd4 Bf6 13. Nf1 Na5 14. Bc2 Re8 15. Bf4 g6 16. Rc1 c5 17. b3 Nc6 18. d5 Nce5 19. N1h2 Nxf3+ 20. Qxf3 Ne5 21. Qg3 Qa5 22. Bb1 c4 23. Red1 h5 24. Bxe5 Bxe5 25. f4 Qb6+ 26. Kh1 Bg7 27. bxc4 bxc4 28. Rxc4 a5 29. Nf3 Qe3 30. Rc7 Qb6 31. Rc4 Qe3 32. Rc7 Qb6 33. Rcc1 Bh6 34. Nd4 Kh7 35. Rc3 Qd8 36. Nc6 Qf6 37. Rf3 Bxc6 38. dxc6 Ra7 39. f5 Qe5 40. fxg6+ fxg6 41. Rxd6 Rg7 42. Qxe5 Rxe5 43. Rc3 Ree7 44. g3 h4 45. e5 Rc7 46. Kg2 hxg3 47. Kxg3 Kg8 48. Bxg6 Rge7 49. e6 Bf8 50. Bf7+ Kg7 51. Rd8 Ra7 52. Kf4 1-0

[Event "Olympiad-43"]
[Site "Batumi"]
[Date "2018.09.30"]
[Round "6.57"]
[White "Hanoeman, Suradj"]
[Black "Matsuo, Tomohiko"]
[Result "0-1"]
[WhiteElo "1996"]
[BlackElo "2170"]
[PlyCount "74"]
[EventDate "2018.09.24"]
[EventType "team-swiss"]
[EventRounds "11"]
[EventCountry "GEO"]
[SourceTitle "CBM 187"]
[Source "ChessBase"]
[SourceDate "2018.12.11"]
[SourceVersion "1"]
[SourceVersionDate "2018.12.11"]
[SourceQuality "1"]
[WhiteTeam "Surinam"]
[BlackTeam "Japan"]
[WhiteTeamCountry "SUR"]
[BlackTeamCountry "JPN"]

1. d4 Nf6 2. Nf3 c5 3. d5 b5 4. e4 Nxe4 5. Bd3 Qa5+ 6. Nc3 Nxc3 7. bxc3 Bb7 8. Bd2 c4 9. Be4 g6 10. Ng5 h6 11. Nxf7 Kxf7 12. Qf3+ Ke8 13. Bxg6+ Kd8 14. Qf7 Kc8 15. 0-0 d6 16. Bf5+ Nd7 17. Qe8+ Qd8 18. Bxd7+ Kc7 19. Qxd8+ Rxd8 20. Be6 Bg7 21. Rfb1 a6 22. g4 Bc8 23. Re1 Bf6 24. f4 b4 25. cxb4 Bxa1 26. Rxa1 Bxe6 27. dxe6 h5 28. g5 Rhf8 29. b5 Kb6 30. Be3+ Kxb5 31. Rb1+ Kc6 32. Rb6+ Kd5 33. Rxa6 Kxe6 34. Kf2 Ra8 35. Rc6 Kd5 36. Rc7 e5 37. Rb7 exf4 0-1

[Event "Olympiad-43"]
[Site "Batumi"]
[Date "2018.09.27"]
[Round "4.30"]
[White "Diermair, Andreas"]
[Black "Matsuo, Tomohiko"]
[Result "1-0"]
[WhiteElo "2501"]
[BlackElo "2170"]
[PlyCount "47"]
[EventDate "2018.09.24"]
[EventType "team-swiss"]
[EventRounds "11"]
[EventCountry "GEO"]
[SourceTitle "CBM 187"]
[Source "ChessBase"]
[SourceDate "2018.12.11"]
[SourceVersion "1"]
[SourceVersionDate "2018.12.11"]
[SourceQuality "1"]
[WhiteTeam "Austria"]
[BlackTeam "Japan"]
[WhiteTeamCountry "AUT"]
[BlackTeamCountry "JPN"]

1. Nf3 Nf6 2. c4 c5 3. Nc3 d5 4. cxd5 Nxd5 5. d4 e6 6. e3 Nc6 7. Bd3 cxd4 8. exd4 Be7 9. 0-0 0-0 10. Re1 Ncb4 11. Bb1 Bd7 12. a3 Nxc3 13. bxc3 Nd5 14. Qd3 g6 15. Bh6 Re8 16. c4 Nf6 17. Ne5 Rc8 18. Ba2 Nh5 19. Qf3 Bf6 20. Qxb7 Bxe5 21. Rxe5 Rb8 22. Qf3 Ng7 23. g4 Qb6 24. Qf6 1-0

[Event "JPN-ch"]
[Site "Tokyo"]
[Date "2018.04.29"]
[Round "1"]
[White "Aoki, Yasuhiro"]
[Black "Matsuo, Tomohiko"]
[Result "1-0"]
[WhiteElo "1813"]
[BlackElo "2242"]
[PlyCount "83"]
[EventDate "2018.04.29"]
[EventType "swiss"]
[EventRounds "11"]
[EventCountry "JPN"]
[SourceTitle "CBM 184 Extra"]
[Source "ChessBase"]
[SourceDate "2018.06.28"]
[SourceVersion "1"]
[SourceVersionDate "2018.06.28"]
[SourceQuality "1"]

1. c4 Nf6 2. Nc3 c5 3. Nf3 g6 4. g3 b6 5. Bg2 Bb7 6. 0-0 Bg7 7. Re1 0-0 8. e4 d6 9. d4 cxd4 10. Nxd4 Nfd7 11. Be3 Nc6 12. f4 Rc8 13. b3 Nxd4 14. Bxd4 e5 15. fxe5 dxe5 16. Bf2 Nc5 17. Nd5 f5 18. Bxc5 Rxc5 19. exf5 gxf5 20. Qh5 e4 21. Rad1 Bxd5 22. Rxd5 Rxd5 23. cxd5 Qxd5 24. Rd1 Qc5+ 25. Kh1 Qc2 26. Bf1 Qxa2 27. Bc4+ Kh8 28. Rd7 Qa1+ 29. Kg2 Qb2+ 30. Kf1 f4 31. Rf7 Qc1+ 32. Kf2 fxg3+ 33. hxg3 Qb2+ 34. Kf1 Rxf7+ 35. Bxf7 e3 36. Qf5 Qf6 37. Qxf6 Bxf6 38. g4 a5 39. Ke2 Bd4 40. Bc4 Kg7 41. Kd3 Kf6 42. Kxd4 1-0

[Event "Geneve op 24th"]
[Site "Geneve"]
[Date "2008.01.25"]
[Round "7"]
[White "Matsuo, Tomohiko"]
[Black "Hamdouchi, Hicham"]
[Result "0-1"]
[WhiteElo "2216"]
[BlackElo "2575"]
[PlyCount "40"]
[EventDate "2008.01.19"]
[EventType "swiss"]
[EventRounds "9"]
[EventCountry "SUI"]
[SourceTitle "CBM 122 Extra"]
[Source "ChessBase"]
[SourceDate "2008.03.04"]
[SourceVersion "1"]
[SourceVersionDate "2008.03.04"]
[SourceQuality "1"]

1. e4 c5 2. Nf3 a6 3. d4 cxd4 4. Nxd4 Nf6 5. Nc3 e5 6. Nf3 Bb4 7. Bd2 0-0 8. Bc4 d6 9. Nd5 Bxd2+ 10. Nxd2 Nbd7 11. 0-0 b5 12. Bb3 Bb7 13. Nxf6+ Qxf6 14. a4 bxa4 15. Bxa4 Nc5 16. Qe2 d5 17. exd5 Bxd5 18. Nc4 Nxa4 19. Rxa4 Bxg2 20. Re1 Bf3 0-1

[Event "Olympiad-34"]
[Site "Istanbul"]
[Date "2000.10.30"]
[Round "3.2"]
[White "Matsuo, Tomohiko"]
[Black "Inarkiev, Ernesto"]
[Result "1/2-1/2"]
[WhiteElo "2186"]
[BlackElo "2432"]
[PlyCount "235"]
[EventDate "2000.10.28"]
[EventType "team-swiss"]
[EventRounds "14"]
[EventCountry "TUR"]
[SourceTitle "EXT 2001"]
[Source "ChessBase"]
[SourceDate "2000.11.22"]
[SourceVersion "1"]
[SourceVersionDate "2000.11.22"]
[SourceQuality "1"]
[WhiteTeam "Japan"]
[BlackTeam "Kyrgyzstan"]
[WhiteTeamCountry "JPN"]
[BlackTeamCountry "KGZ"]

1. e4 c5 2. Nf3 Nc6 3. d4 cxd4 4. Nxd4 g6 5. c4 Nf6 6. Nc3 Nxd4 7. Qxd4 d6 8. Be3 Bg7 9. f3 0-0 10. Qd2 a5 11. Be2 a4 12. Rc1 Qa5 13. 0-0 Bd7 14. Rfd1 Rfc8 15. Bf1 Be6 16. Nb5 Qxd2 17. Rxd2 Nd7 18. Nd4 Ne5 19. Nxe6 fxe6 20. Rcc2 Nc6 21. Rc1 a3 22. bxa3 Rxa3 23. Bg5 h6 24. Bh4 Rca8 25. c5 dxc5 26. Rxc5 Rxa2 27. Rxa2 Rxa2 28. Rc1 Bd4+ 29. Kh1 Rb2 30. h3 Kf7 31. Bg3 Kf6 32. Bd3 Rb3 33. Be2 Rb2 34. Bd3 Ne5 35. Bf1 Be3 36. Ra1 g5 37. h4 Bf4 38. Be1 Bd2 39. Bxd2 Rxd2 40. hxg5+ hxg5 41. Rb1 Rd7 42. Kg1 Rc7 43. Kf2 Nf7 44. Rb5 e5 45. Rb2 Nd6 46. Bd3 Ke6 47. Bb1 b5 48. Ba2+ Kf6 49. Bd5 Rc5 50. Ke2 e6 51. Ba2 Nb7 52. Bb1 Ke7 53. Bd3 Nd6 54. Kd2 Rc7 55. Rb1 Rb7 56. Kc3 Kd7 57. Kb4 Ra7 58. Kc5 Ra2 59. Bxb5+ Nxb5 60. Rxb5 Rc2+ 61. Kb4 Kd6 62. Ra5 Rxg2 63. Ra3 Rg3 64. Rd3+ Ke7 65. Kc3 Kf6 66. Kd2 g4 67. Rd8 Rxf3 68. Rg8 Rf2+ 69. Kd3 Rg2 70. Ke3 Ke7 71. Rg7+ Kd6 72. Rg5 g3 73. Kf3 Rg1 74. Ke2 Rg2+ 75. Kf3 Rg1 76. Ke2 Rg2+ 77. Kf3 Rg1 78. Ke2 Ra1 79. Rxg3 Ra2+ 80. Ke1 Ra4 81. Rg4 Kc5 82. Ke2 Ra2+ 83. Ke3 Ra3+ 84. Ke2 Kd4 85. Rg6 Ra6 86. Rg4 Ra2+ 87. Kf1 Ke3 88. Rh4 Ra1+ 89. Kg2 Ra4 90. Rh6 Rxe4 91. Rxe6 Ke2 92. Re8 Re3 93. Ra8 Rd3 94. Re8 Rd5 95. Re7 Ke3 96. Kf1 Rd1+ 97. Kg2 e4 98. Ra7 Ke2 99. Ra4 e3 100. Ra2+ Rd2 101. Ra1 Rc2 102. Kg3 Rc3 103. Kg2 Rc6 104. Ra2+ Kd3 105. Ra3+ Kd2 106. Ra2+ Rc2 107. Ra1 Ke2 108. Kg3 Rc3 109. Kg2 Kd2 110. Ra2+ Kd1 111. Kf1 Rb3 112. Ra1+ Kd2 113. Ra2+ Kd3 114. Ra1 Rc3 115. Rd1+ Ke4 116. Rd8 Ra3 117. Re8+ Kd3 118. Rd8+ 1/2-1/2

[Event "Yangon zt"]
[Site "Yangon"]
[Date "1998.12.15"]
[Round "8"]
[White "Nay, Oo Kyaw Tun"]
[Black "Matsuo, Tomohiko"]
[Result "1/2-1/2"]
[WhiteElo "2395"]
[BlackElo "2205"]
[PlyCount "69"]
[EventDate "1998.12.??"]
[EventType "swiss"]
[EventRounds "9"]
[EventCountry "BUR"]
[SourceTitle "CBM 069"]
[Source "ChessBase"]
[SourceDate "1999.04.01"]
[SourceVersion "1"]
[SourceVersionDate "1999.04.01"]
[SourceQuality "1"]

1. e4 e5 2. Nf3 Nc6 3. Bb5 a6 4. Ba4 Nf6 5. d4 exd4 6. e5 Ne4 7. 0-0 Be7 8. Nxd4 Nxd4 9. Qxd4 Nc5 10. Nc3 0-0 11. Bg5 Nxa4 12. Bxe7 Qxe7 13. Nxa4 Re8 14. f4 b5 15. Nc3 Bb7 16. Rad1 Rad8 17. Qa7 Rb8 18. Nd5 Qe6 19. Nxc7 Qc6 20. Nd5 Qxc2 21. Qf2 Qf5 22. Qg3 Bxd5 23. Rxd5 Rbc8 24. Qd3 Qxd3 25. Rxd3 Rc2 26. Rf2 Rc1+ 27. Rf1 Rc2 28. Rxd7 h6 29. Rf2 Rc1+ 30. Rf1 Rc2 31. b4 Rec8 32. Rf2 Rc1+ 33. Rf1 R1c2 34. Rf2 Rc1+ 35. Rf1 1/2-1/2

[Event "Yangon zt"]
[Site "Yangon"]
[Date "1998.12.14"]
[Round "7"]
[White "Matsuo, Tomohiko"]
[Black "Lim, Yee Weng"]
[Result "1-0"]
[WhiteElo "2205"]
[BlackElo "2140"]
[PlyCount "107"]
[EventDate "1998.12.??"]
[EventType "swiss"]
[EventRounds "9"]
[EventCountry "BUR"]
[SourceTitle "CBM 069"]
[Source "ChessBase"]
[SourceDate "1999.04.01"]
[SourceVersion "1"]
[SourceVersionDate "1999.04.01"]
[SourceQuality "1"]

1. e4 c5 2. Nf3 d6 3. d4 cxd4 4. Nxd4 Nf6 5. Nc3 g6 6. Be3 Bg7 7. f3 Nc6 8. Bc4 0-0 9. Qd2 Bd7 10. 0-0-0 Ne5 11. Bb3 Qa5 12. h4 Rfc8 13. h5 Nxh5 14. g4 Nf6 15. Bh6 Bxh6 16. Qxh6 Rxc3 17. bxc3 Rc8 18. Kb1 Nc4 19. Bxc4 Rxc4 20. Rd3 Be6 21. Nb3 Qb5 22. Qe3 a5 23. Ka1 Ra4 24. Rb1 Qc6 25. Rb2 Qc7 26. Rd4 Rc4 27. Rxc4 Bxc4 28. Qa7 Ba6 29. Qe3 Nd7 30. Rb1 Ne5 31. Nd2 Nc4 32. Nxc4 Qxc4 33. Rh1 Bb5 34. Kb2 f6 35. Qb6 Be8 36. Qxb7 Bf7 37. Ra1 a4 38. a3 Qe2 39. Qa8+ Kg7 40. Qxa4 Qxf3 41. Qd4 Qxg4 42. a4 e5 43. Qb4 Qe2 44. a5 Qa6 45. Rd1 d5 46. exd5 Qe2 47. Ra1 Bxd5 48. Qe7+ Kh6 49. Qxf6 Be4 50. Qf8+ Kh5 51. Rc1 g5 52. Qe8+ Kh4 53. Qxe5 g4 54. Rh1+ 1-0

[Event "Yangon zt"]
[Site "Yangon"]
[Date "1998.12.09"]
[Round "1"]
[White "Matsuo, Tomohiko"]
[Black "Nadera, Barlo A"]
[Result "1/2-1/2"]
[WhiteElo "2205"]
[BlackElo "2400"]
[PlyCount "70"]
[EventDate "1998.12.??"]
[EventType "swiss"]
[EventRounds "9"]
[EventCountry "BUR"]
[SourceTitle "CBM 069"]
[Source "ChessBase"]
[SourceDate "1999.04.01"]
[SourceVersion "1"]
[SourceVersionDate "1999.04.01"]
[SourceQuality "1"]

1. e4 e6 2. d4 d5 3. Nd2 Nf6 4. e5 Nfd7 5. Bd3 c5 6. c3 Nc6 7. Ne2 cxd4 8. cxd4 f6 9. Nf4 Qe7 10. Nf3 fxe5 11. dxe5 Ndxe5 12. Nxe5 Nxe5 13. Qh5+ Nf7 14. 0-0 g6 15. Qe2 Qd6 16. Bb5+ Ke7 17. Bd2 Kf6 18. Rad1 d4 19. Rfe1 Bh6 20. Qf3 Kg7 21. Bc4 Re8 22. Nxe6+ Bxe6 23. Bxe6 Re7 24. Bxh6+ Nxh6 25. Bd5 Rae8 26. Rxe7+ Rxe7 27. g3 Nf5 28. Bxb7 Qb4 29. Be4 Nd6 30. Bd5 Qxb2 31. Qd3 Nf5 32. Be4 Nd6 33. Bd5 Nf5 34. Be4 Nd6 35. Bd5 Nf5 1/2-1/2

[Event "Olympiad-32"]
[Site "Yerevan"]
[Date "1996.09.30"]
[Round "13.2"]
[White "Matsuo, Tomohiko"]
[Black "Al Huwar, Jasem"]
[Result "1/2-1/2"]
[WhiteElo "2185"]
[BlackElo "2190"]
[PlyCount "152"]
[EventDate "1996.09.15"]
[EventType "team-swiss"]
[EventRounds "14"]
[EventCountry "ARM"]
[SourceTitle "CBM 055"]
[Source "ChessBase"]
[SourceDate "1996.12.01"]
[SourceVersion "1"]
[SourceVersionDate "1996.12.01"]
[SourceQuality "1"]
[WhiteTeam "Japan"]
[BlackTeam "United Arab Emirates"]
[WhiteTeamCountry "JPN"]
[BlackTeamCountry "UAE"]

1. e4 g6 2. d4 Bg7 3. Nc3 c6 4. f4 d5 5. e5 h5 6. Nf3 Nh6 7. Be3 0-0 8. Qd2 b5 9. Ne2 a5 10. Ng3 Na6 11. Be2 Qc7 12. Nh4 e6 13. 0-0 Qe7 14. Nf3 Bd7 15. f5 Nxf5 16. Nxf5 exf5 17. Bg5 Qe6 18. Rae1 c5 19. c3 c4 20. Bh6 Rfe8 21. Nh4 Qe7 22. Bg5 Qf8 23. Rf3 Nc7 24. Rg3 Ne6 25. Be3 Qe7 26. Nf3 h4 27. Rh3 f4 28. Bf2 g5 29. Nxh4 Nc5 30. dxc5 Bxh3 31. gxh3 gxh4 32. Bf3 Qg5+ 33. Kh1 Rxe5 34. Rg1 Qh6 35. Bxd5 Rae8 36. Bf3 Rg5 37. c6 Rxg1+ 38. Bxg1 Qe6 39. Qd7 Be5 40. Bd5 Qxd7 41. cxd7 Rd8 42. Bc6 Bc7 43. Bxb5 Kh7 44. Bf2 Rb8 45. a4 Bd8 46. Kg2 Kg6 47. Ba7 Rb7 48. Bc5 Kf5 49. Kf3 Ke5 50. Bf8 Rb6 51. Bc5 Rb7 52. Kg4 Rb8 53. Ba7 Ra8 54. Bd4+ Kd5 55. Kxf4 Bc7+ 56. Kf5 Bd8 57. Be3 Kd6 58. Ke4 Bf6 59. Bb6 Bd8 60. Bf2 Be7 61. Kd4 Rg8 62. Kxc4 Bd8 63. Be3 Rg2 64. Bf4+ Ke6 65. b4 f5 66. Kd3 Rf2 67. Bb8 Rf3+ 68. Kd2 Rxh3 69. Bc6 Bg5+ 70. Kc2 Bf6 71. b5 Bd8 72. b6 Bxb6 73. Bf4 Ke7 74. Bg2 Re3 75. Bxe3 Bxe3 76. Bc6 h3 1/2-1/2

[Event "Olympiad-32"]
[Site "Yerevan"]
[Date "1996.09.16"]
[Round "1.2"]
[White "Hellsten, Johan"]
[Black "Matsuo, Tomohiko"]
[Result "1-0"]
[WhiteElo "2490"]
[BlackElo "2185"]
[PlyCount "71"]
[EventDate "1996.09.15"]
[EventType "team-swiss"]
[EventRounds "14"]
[EventCountry "ARM"]
[SourceTitle "CBM 055"]
[Source "ChessBase"]
[SourceDate "1996.12.01"]
[SourceVersion "1"]
[SourceVersionDate "1996.12.01"]
[SourceQuality "1"]
[WhiteTeam "Sweden"]
[BlackTeam "Japan"]
[WhiteTeamCountry "SWE"]
[BlackTeamCountry "JPN"]

1. d4 Nf6 2. c4 c5 3. d5 b5 4. cxb5 a6 5. b6 d6 6. Nc3 g6 7. Nf3 Bg7 8. Nd2 Nfd7 9. e4 0-0 10. Nc4 Nxb6 11. Ne3 a5 12. Be2 a4 13. a3 Ba6 14. h4 N8d7 15. h5 Nf6 16. hxg6 fxg6 17. Bxa6 Rxa6 18. g3 Qc8 19. Kf1 Nbd7 20. Nc4 Nb6 21. Ne3 Nbd7 22. Nc4 Nb6 23. Ne3 Nbd7 24. Kg2 Ne5 25. f4 Neg4 26. Nc4 h5 27. Qd3 e5 28. dxe6 Qxe6 29. Bd2 Raa8 30. Rae1 Rad8 31. Nxa4 d5 32. exd5 Qxd5+ 33. Qxd5+ Rxd5 34. Re2 Re8 35. Rhe1 Rxe2+ 36. Rxe2 1-0

[Event "Asia-chT fin 11th"]
[Site "Singapore"]
[Date "1995.12.21"]
[Round "8"]
[White "Broome, Tim"]
[Black "Matsuo, Tomohiko"]
[Result "1/2-1/2"]
[WhiteElo "2035"]
[BlackElo "2180"]
[PlyCount "119"]
[EventDate "1995.12.14"]
[EventType "team"]
[EventRounds "9"]
[EventCountry "SIN"]
[SourceTitle "CBM 050 Extra"]
[Source "ChessBase"]
[SourceDate "1996.03.01"]
[SourceVersion "1"]
[SourceVersionDate "1996.03.01"]
[SourceQuality "1"]
[WhiteTeam "Hong Kong"]
[BlackTeam "Japan"]
[WhiteTeamCountry "HKG"]
[BlackTeamCountry "JPN"]

1. f4 d5 2. Nf3 Nf6 3. g3 b6 4. Bg2 Bb7 5. 0-0 e6 6. b3 Be7 7. Bb2 0-0 8. e3 c5 9. d3 Nc6 10. Qe2 Rc8 11. Nbd2 Qc7 12. Ne5 Rfd8 13. Ndf3 d4 14. e4 Nxe5 15. Nxe5 Nd7 16. Bc1 b5 17. Bd2 Nb6 18. Bh3 Nd7 19. Qh5 Nxe5 20. fxe5 Bf8 21. a4 Rd7 22. axb5 Qb6 23. Qe2 g6 24. Bg2 Bg7 25. Bf4 Qxb5 26. Rxa7 Bxe4 27. Rxd7 Bxg2 28. Qxg2 Qxd7 29. Ra1 h6 30. g4 Rd8 31. Kf2 Qc7 32. Qe4 Rd5 33. Re1 Qd8 34. Bg3 Qa8 35. h4 Rd8 36. Qxa8 Rxa8 37. Kf3 h5 38. g5 Ra2 39. Rc1 Bf8 40. Ke4 Be7 41. Be1 Bd8 42. b4 Bb6 43. Bf2 cxb4 44. Bxd4 Ba5 45. Ra1 b3 46. cxb3 Rxa1 47. Bxa1 Be1 48. Bd4 Kf8 49. Be3 Bxh4 50. b4 Ke8 51. d4 Kd7 52. d5 exd5+ 53. Kxd5 Bg3 54. b5 h4 55. b6 h3 56. Bg1 h2 57. Bxh2 Bxh2 58. b7 Kc7 59. b8Q+ Kxb8 60. e6 1/2-1/2

[Event "Wch U20"]
[Site "Halle"]
[Date "1995.??.??"]
[Round "1"]
[White "Matsuo, Tomohiko"]
[Black "Iordachescu, Viorel"]
[Result "0-1"]
[WhiteElo "2180"]
[BlackElo "2435"]
[PlyCount "86"]
[EventDate "1995.09.??"]
[EventType "swiss"]
[EventRounds "13"]
[EventCountry "GER"]
[SourceTitle "CBM 048 Extra"]
[Source "ChessBase"]
[SourceDate "1995.11.01"]
[SourceVersion "1"]
[SourceVersionDate "1995.11.01"]
[SourceQuality "1"]

1. e4 g6 2. d4 Bg7 3. Nc3 c6 4. f4 d5 5. e5 Nh6 6. Nf3 f6 7. Be2 Bg4 8. 0-0 0-0 9. Qd2 Nd7 10. Nd1 fxe5 11. fxe5 Nf5 12. Ne3 Nxe3 13. Qxe3 c5 14. c3 cxd4 15. cxd4 Qb6 16. Qb3 Qxb3 17. axb3 Nb8 18. h3 Bxf3 19. Bxf3 e6 20. Bg4 Rxf1+ 21. Kxf1 Kf7 22. Ke2 Nc6 23. Kd3 Nb4+ 24. Kc3 a5 25. Bg5 Ra6 26. Rf1+ Ke8 27. Kd2 Rc6 28. Rc1 h6 29. Rxc6 bxc6 30. Be3 Kf7 31. Bd1 Bf8 32. Ke2 Na6 33. Bd2 Nb4 34. Bxb4 axb4 35. Kd3 Be7 36. Bf3 h5 37. Be2 c5 38. dxc5 Bxc5 39. Bd1 Bf2 40. Bc2 Bg1 41. Ke2 Bd4 42. g4 hxg4 43. hxg4 Bxe5 0-1